Czy rozpoznasz rodziny języków jakie są w Europie? - Statystyki

Ogólne statystyki
  • Ten quiz został rozwiązany 208 razy
  • Średni wynik to 4 z 7
Statystyki odpowiedzi
Państwa Języki % Poprawnych
Polski, Rosyjski, Czeski Słowiańskie
98%
Niemiecki, Norweski, Duński Germańskie
83%
Francuski, Hiszpański, Rumuński Romańskie
72%
Litewski, Łotewski Bałtyckie
67%
Irlandzki Celtyckie
50%
Węgierski, Estoński, Fiński Nieindoeuropejskie
1%
Armeński, Azerbejdżański Północnokaukaskie
1%
Nie znaleziono quizów pasujących do podanych kryteriów
Rozkład punktacji
Procent ludzi z każdym wynikiem
Percentyl według liczby udzielonych odpowiedzi
Twoja historia wyników
Nie rozwiązałeś tego quizu